| Tag |
First Indicator |
Second Indicator |
Subfields |
| LEADER |
00000nam a2200000 4500 |
| 001 |
in00004284049 |
| 005 |
20200813083339.0 |
| 006 |
m g d |
| 007 |
cr bn |||a|bb| |
| 008 |
850703s1642 enk o 00| | eng d |
| 035 |
|
|
|a (UnM)99871566
|
| 037 |
|
|
|a CL0051000001
|b ProQuest Information and Learning. 300 N. Zeeb Rd., Ann Arbor, MI 48106
|
| 040 |
|
|
|a Cu-RivES
|c Cu-RivES
|d CStRLIN
|e dcrb
|d WaOLN
|
| 100 |
1 |
|
|a Cotton, Robert,
|c Sir,
|d 1571-1631.
|
| 245 |
1 |
3 |
|a An abstract out of the records of the Tovver, :
|b touching the Kings revenue, and how they have supported themselves. By Sir Robert Cotton, Knight and Baronet.
|
| 246 |
2 |
|
|a Abstract out of the records of the Tower
|
| 260 |
|
|
|a London :
|b Printed for G. Tomlinson, T.A. and A.C.,
|c [1642]
|
| 300 |
|
|
|a 1 online resource ([2], 27, [1] pages)
|
| 336 |
|
|
|a text
|b txt
|2 rdacontent
|
| 337 |
|
|
|a computer
|b c
|2 rdamedia
|
| 338 |
|
|
|a online resource
|b cr
|2 rdacarrier
|
| 500 |
|
|
|a Annotation on Thomason copy: "July 7th 1642".
|
| 500 |
|
|
|a Reproduction of the original in the British Library.
|
| 510 |
4 |
|
|a Wing (2nd edition, 1994)
|c C6476.
|
| 510 |
4 |
|
|a Thomason
|c E.107[20].
|
| 533 |
|
|
|a Electronic reproduction.
|b Ann Arbor, Mich. :
|c UMI,
|d 1999-
|f (Early English books online)
|n Digital version of: (Thomason Tracts ; 19:E107[20])
|7 s1999 miun s
|
| 650 |
|
0 |
|a Revenue
|z England
|v Early works to 1800.
|
| 710 |
1 |
|
|a Tower of London (London, England)
|
| 830 |
|
0 |
|a Early English books online.
|
| 856 |
4 |
0 |
|u http://proxy.library.tamu.edu/login?url=https://search.proquest.com/docview/2240942085
|z Connect to the full text of this electronic book
|t 0
|
| 999 |
f |
f |
|s 18a20b6f-de54-3cdc-b9c6-9a8b96154126
|i a57796be-b159-3962-85c6-0f123188e0c1
|t 0
|
| 952 |
f |
f |
|a Texas A&M University
|b College Station
|c Electronic Resources
|d Available Online
|t 0
|h No information provided
|
| 998 |
f |
f |
|t 0
|l Available Online
|